[Event "TUR-ch U13/18"]
[Site "Antalya"]
[Date "2023.01.23"]
[Round "2"]
[White "Gungor, Cihan Akif"]
[Black "Pirpir, Ozgur Can"]
[Result "1-0"]
[WhiteElo "1871"]
[BlackElo "1340"]
[PlyCount "57"]
[EventDate "2023.01.17"]
[EventType "swiss"]
[EventRounds "10"]
[EventCountry "TUR"]
[SourceTitle "EXT 2024"]
[Source "ChessBase"]
[SourceDate "2023.10.10"]
[SourceVersion "1"]
[SourceVersionDate "2023.10.10"]
[SourceQuality "1"]

1. e4 e5 2. Nf3 Nc6 3. Bc4 Nf6 4. d3 Bc5 5. c3 d6 6. Nbd2 0-0 7. h3 a5 8. Nf1 Be6 9. Qe2 h6 10. Ng3 Ne7 11. Nh4 a4 12. a3 d5 13. Ba2 Qd7 14. Qf3 Kh7 15. d4 exd4 16. e5 Ng6 17. exf6 Nxh4 18. Bb1+ Kg8 19. Qd3 g6 20. cxd4 Rfe8 21. Ne2 Bf5 22. Qg3 Qb5 23. 0-0 Qxe2 24. Qxh4 Bf8 25. Bxf5 gxf5 26. Bxh6 Re4 27. Qg5+ Kh7 28. Bxf8 Rxf8 29. Qg7# 1-0